Normal view MARC view
  • Computer Sciences-Multi Robot User Interface Design

Entry Topical Term

Number of records used in: 1

001 - CONTROL NUMBER

  • control field: 35118

003 - CONTROL NUMBER IDENTIFIER

  • control field: NUST

005 - DATE AND TIME OF LATEST TRANSACTION

  • control field: 20201111110808.0

008 - FIXED-LENGTH DATA ELEMENTS

  • fixed length control field: 201111|| aca||aabn | a|a d

040 ## - CATALOGING SOURCE

  • Original cataloging agency: NUST
  • Transcribing agency: NUST

150 ## - HEADING--TOPICAL TERM

  • Topical term or geographic name entry element: Computer Sciences-Multi Robot User Interface Design

670 ## - SOURCE DATA FOUND

  • Source citation: Work cat.: (NUST): Naveed, Sidra 35117, Multi Robot User Interface Design Based on HCI Princples /, 2014
© 2023 Central Library, National University of Sciences and Technology. All Rights Reserved.